[Event "EST ch Teams"]
[Site "Tallinn"]
[Date "2020.08.29"]
[Round "2"]
[White "Maidla, Vallo"]
[Black "Krivenko, Dion"]
[Result "1-0"]
[WhiteElo "2401"]
[BlackElo "2025"]
[PlyCount "83"]
[EventDate "2020.08.28"]
[EventType "team"]
[EventCountry "EST"]
[SourceVersionDate "2020.09.06"]
[WhiteTeam "Pühajärve MK"]
[BlackTeam "Kadrioru MK"]
[WhiteTeamCountry "EST"]
[BlackTeamCountry "EST"]

1. d4 Nf6 2. Nc3 d5 3. Bg5 e6 4. e4 dxe4 5. Nxe4 Be7 6. Nxf6+ Bxf6 7. Bxf6 Qxf6
8. Nf3 c5 9. c3 O-O 10. dxc5 Nc6 11. Bd3 Ne5 12. Be4 Nxf3+ 13. Qxf3 Qe5 14. Qe3
f5 15. Bf3 Qxe3+ 16. fxe3 Rd8 17. Rd1 Rxd1+ 18. Kxd1 Kf8 19. Kc2 a5 20. Rd1 Ke7
21. Rd6 a4 22. Kd3 g5 23. g3 Ra7 24. Kc4 a3 25. b4 Bd7 26. Rb6 Bc8 27. b5 h5
28. Kb4 Kf6 29. Rd6 Ke7 30. c4 Bd7 31. Rd3 e5 32. Rxa3 Rxa3 33. Kxa3 e4 34.
Bxh5 Kf6 35. Kb4 f4 36. gxf4 gxf4 37. exf4 Kf5 38. Kc3 Kxf4 39. Kd4 Be6 40. a4
Kg5 41. Be2 Kf4 42. a5 1-0

[Event "EST ch Teams"]
[Site "Tallinn"]
[Date "2020.08.29"]
[Round "2"]
[White "Rauk, Tõnu"]
[Black "Lumiste, Rene"]
[Result "1/2-1/2"]
[WhiteElo "2141"]
[BlackElo "2085"]
[PlyCount "189"]
[EventDate "2020.08.28"]
[EventType "team"]
[EventCountry "EST"]
[SourceVersionDate "2020.09.06"]
[WhiteTeam "Kadrioru MK"]
[BlackTeam "Pühajärve MK"]
[WhiteTeamCountry "EST"]
[BlackTeamCountry "EST"]

1. d4 Nf6 2. Nf3 g6 3. c4 Bg7 4. Nc3 d5 5. cxd5 Nxd5 6. e4 Nf6 7. h3 c6 8. a4
O-O 9. Bc4 b6 10. Qe2 a5 11. O-O Ba6 12. Bf4 Nfd7 13. Rad1 e6 14. e5 Qc8 15.
Ne4 Bxc4 16. Qxc4 Qa6 17. Qc1 Ra7 18. Bh6 f6 19. Bxg7 Kxg7 20. Nd6 h6 21. Qe3
f5 22. Qb3 Rf7 23. Qxe6 Nf8 24. Qc8 Qxc8 25. Nxc8 Ra6 26. Rd3 Ne6 27. Rc1 Rd7
28. Nd6 Nf4 29. Rd2 Raa7 30. h4 Rd8 31. g3 Nd5 32. h5 f4 33. g4 g5 34. Re2 Kh7
35. Kg2 Re7 36. Rd2 Nb4 37. Rdd1 N8a6 38. Nd2 Nc7 39. N2e4 Ncd5 40. Kf3 Rf8 41.
Nc3 Nc7 42. Nc4 Rb8 43. Ne4 Ncd5 44. Ned6 Na2 45. Rc2 Nab4 46. Rcd2 Ra8 47. Nf5
Re6 48. Ncd6 Ra7 49. Rc1 Rc7 50. Rc4 Ra7 51. Rd1 Rd7 52. Rdc1 Rc7 53. Nb5 Rd7
54. Nc3 Nc7 55. Ne4 Ncd5 56. Nfd6 Rc7 57. Nc3 Ne7 58. d5 Rxe5 59. Nf7 Nd3 60.
d6 Rd7 61. Ne4 Nd5 62. Nxe5 Nxe5+ 63. Ke2 f3+ 64. Kd2 Nxc4+ 65. Rxc4 c5 66. Rc1
Kg7 67. Ng3 Kf6 68. Re1 Ne7 69. Rxe7 Rxd6+ 70. Ke3 Kxe7 71. Nf5+ Ke6 72. Nxd6
Kxd6 73. b3 Ke5 74. Kxf3 b5 75. Ke3 bxa4 76. bxa4 c4 77. Kd2 Kd4 78. f4 c3+ 79.
Kc2 gxf4 80. g5 Ke5 81. gxh6 Kf6 82. Kxc3 Kf7 83. Kd3 Kg8 84. Ke4 Kh7 85. Kxf4
Kxh6 86. Ke5 Kxh5 87. Kd5 Kg6 88. Kc6 Kf6 89. Kb6 Ke6 90. Kxa5 Kd7 91. Kb6 Kc8
92. Ka7 Kc7 93. a5 Kc8 94. a6 Kc7 95. Ka8 1/2-1/2

[Event "EST ch Teams"]
[Site "Tallinn"]
[Date "2020.08.29"]
[Round "2"]
[White "Sirosh, Ilja"]
[Black "Garanin, Aleksei"]
[Result "1/2-1/2"]
[WhiteElo "2405"]
[BlackElo "2223"]
[PlyCount "79"]
[EventDate "2020.08.28"]
[EventType "team"]
[EventCountry "EST"]
[SourceVersionDate "2020.09.06"]
[WhiteTeam "SK Reval-Sport"]
[BlackTeam "SK Maletäht"]
[WhiteTeamCountry "EST"]
[BlackTeamCountry "EST"]

1. d4 Nf6 2. c4 g6 3. Nc3 Bg7 4. e4 d6 5. f3 O-O 6. Nge2 Nc6 7. Be3 a6 8. Qd2
Rb8 9. h4 b5 10. h5 e5 11. cxb5 axb5 12. d5 Na5 13. Bg5 Bd7 14. g4 Nc4 15. Qc1
c6 16. Bh6 b4 17. Bxg7 Kxg7 18. hxg6 fxg6 19. Nd1 cxd5 20. exd5 Nb6 21. Qh6+
Kg8 22. g5 Nh5 23. Ng3 Qe7 24. Nxh5 gxh5 25. g6 Bf5 26. Qxh7+ Qxh7 27. gxh7+
Bxh7 28. Rxh5 Rxf3 29. Rc1 Rc8 30. Rxc8+ Nxc8 31. Rh4 Rf4 32. Rxf4 exf4 33. Nf2
Nb6 34. Bd3 Bxd3 35. Nxd3 Nxd5 36. Ke2 Kf7 37. Kf3 Kf6 38. Nxf4 Ke5 39. Nxd5
Kxd5 40. Ke3 1/2-1/2

[Event "EST ch Teams"]
[Site "Tallinn"]
[Date "2020.08.29"]
[Round "2"]
[White "Aga, Rihard"]
[Black "Chukavin, Kirill"]
[Result "0-1"]
[WhiteElo "2022"]
[BlackElo "2355"]
[PlyCount "118"]
[EventDate "2020.08.28"]
[EventType "team"]
[EventCountry "EST"]
[SourceVersionDate "2020.09.06"]
[WhiteTeam "SK Maletäht"]
[BlackTeam "SK Reval-Sport"]
[WhiteTeamCountry "EST"]
[BlackTeamCountry "EST"]

1. d4 Nf6 2. c4 e6 3. Nc3 Bb4 4. Qc2 c5 5. e3 cxd4 6. exd4 O-O 7. Nf3 b6 8. Be2
d5 9. cxd5 Nxd5 10. Bd2 Bb7 11. O-O Nf6 12. Bg5 h6 13. Bh4 Nc6 14. Rfd1 Be7 15.
a3 Nd5 16. Nxd5 Qxd5 17. Bc4 Qh5 18. Bg3 Rac8 19. Qe2 Rfd8 20. Rd2 Na5 21. Ba2
b5 22. Rad1 Nc4 23. Ne5 Qxe2 24. Rxe2 Nxe5 25. Bxe5 Bd5 26. Bxd5 Rxd5 27. Kf1
Bd8 28. Rdd2 Bb6 29. Rc2 Rxc2 30. Rxc2 f6 31. Bb8 Bxd4 32. Ke2 a5 33. b4 a4 34.
g3 g5 35. h3 Kf8 36. Bc7 Ke7 37. Ba5 f5 38. Rc7+ Rd7 39. Rc8 Bb2 40. Rc2 Bd4
41. Rc8 Rd5 42. Rc7+ Kf6 43. Rc2 h5 44. Bc7 Ke7 45. Ba5 e5 46. Rc7+ Kd6 47. Rc8
g4 48. hxg4 fxg4 49. Rc2 Ke6 50. Rc6+ Kf5 51. Bb6 Bb2 52. Rc2 Bxa3 53. Bc5 Ke4
54. Ra2 Rxc5 55. bxc5 Bxc5 56. Rc2 Bd4 57. Rc8 b4 58. Ra8 a3 59. Ra4 Bc3 0-1

[Event "EST ch Teams"]
[Site "Tallinn"]
[Date "2020.08.29"]
[Round "2"]
[White "Valner, Uku"]
[Black "Andrijashkin, Deniss"]
[Result "1/2-1/2"]
[WhiteElo "2296"]
[BlackElo "1915"]
[PlyCount "114"]
[EventDate "2020.08.28"]
[EventType "team"]
[EventCountry "EST"]
[SourceVersionDate "2020.09.06"]
[WhiteTeam "SK Reval-Sport"]
[BlackTeam "SK Maletäht"]
[WhiteTeamCountry "EST"]
[BlackTeamCountry "EST"]

1. b3 e5 2. Bb2 Nc6 3. e3 g6 4. Bb5 Nge7 5. f4 Bg7 6. Nf3 a6 7. Be2 d6 8. O-O
O-O 9. fxe5 dxe5 10. e4 h6 11. Na3 b5 12. c4 b4 13. Nc2 f5 14. d3 Be6 15. a3 a5
16. axb4 axb4 17. Rxa8 Qxa8 18. Qa1 Rd8 19. Re1 fxe4 20. dxe4 Bg4 21. Qxa8 Rxa8
22. Ra1 Rxa1+ 23. Bxa1 Be6 24. Kf2 Nc8 25. Bd1 Nd6 26. Ke3 Nb7 27. Nce1 Nc5 28.
Nd3 Nxd3 29. Kxd3 Kf7 30. Bb2 Kf6 31. Bc1 Bf8 32. Be3 g5 33. Nd2 Na5 34. Ba7
Nc6 35. Be3 Na5 36. Nf1 c5 37. Bf2 Nc6 38. Ne3 Nd4 39. Nd5+ Kg6 40. Nc7 Bd7 41.
Bg3 Bd6 42. Nd5 Be6 43. Kd2 Bd7 44. Kc1 Be6 45. Kb2 Bd7 46. Bf2 h5 47. h4 g4
48. Be3 Ne6 49. g3 Nd4 50. Bc2 Kf7 51. Bd3 Ne6 52. Bd2 Nd4 53. Bh6 Bc6 54. Bg5
Ne6 55. Bd2 Nd4 56. Ne3 Kf6 57. Nd5+ Kf7 1/2-1/2

[Event "EST ch Teams"]
[Site "Tallinn"]
[Date "2020.08.29"]
[Round "2"]
[White "Sadekov, Maksim"]
[Black "Narva, Mai"]
[Result "0-1"]
[WhiteElo "1684"]
[BlackElo "2313"]
[PlyCount "78"]
[EventDate "2020.08.28"]
[EventType "team"]
[EventCountry "EST"]
[SourceVersionDate "2020.09.06"]
[WhiteTeam "SK Maletäht"]
[BlackTeam "SK Reval-Sport"]
[WhiteTeamCountry "EST"]
[BlackTeamCountry "EST"]

1. d4 Nf6 2. c4 e6 3. Nf3 d5 4. Nc3 Be7 5. Bg5 O-O 6. e3 Nbd7 7. cxd5 exd5 8.
Bd3 b6 9. O-O Bb7 10. Rc1 c5 11. Qc2 Rc8 12. Rfd1 Re8 13. Ne5 cxd4 14. exd4 h6
15. Bxf6 Nxf6 16. Qa4 a6 17. Bxa6 Ra8 18. Qxe8+ Qxe8 19. Bxb7 Rd8 20. Re1 Rd6
21. a4 Qb8 22. Nb5 Qxb7 23. Rc7 Qa8 24. Rxe7 Qa5 25. Nc4 dxc4 26. Nxd6 Qb4 27.
Ne8 Nd5 28. R7e5 Nf4 29. Nc7 Qxb2 30. d5 Nd3 (30... c3 31. d6 c2 (31... Nd3 32.
d7 Qxf2+ 33. Kh1 Nxe1 34. d8=Q+ Kh7 $19) 32. d7 c1=Q 33. d8=Q+ Kh7 34. Re8 Qbc3
35. Kf1 Qxc7 36. Rxc1 Qxc1+ 37. Re1 Qc4+ 38. Kg1 Qc6 39. f3 Qc2 $19) 31. R5e2
Qd4 32. Rd1 Qc5 33. Na8 Kh7 (33... Qxd5 34. Nxb6 Qc6 35. a5 Nf4) 34. Rc2 Nb4 (
34... Qa5 35. Rxc4 Nb2 36. Rcd4 Nxd1 37. Rxd1 Qxa4) 35. d6 Qf5 36. Rxc4 (36. d7
Qxc2 37. d8=Q Nd3 38. Rf1 c3 39. Nxb6 Qe2 40. Nd5 c2 41. Qc8 c1=Q 42. Rxc1 (42.
Qf5+ Kg8 43. Rxc1 Nxc1 44. Qc8+ Kh7 45. Qxc1 $18) 42... Qxf2+ 43. Kh1 Ne1 44.
Ne3 $18) 36... Nd3 37. Rc2 Nf4 38. d7 Qe4 39. f3 Qxc2 0-1

[Event "EST ch Teams"]
[Site "Tallinn"]
[Date "2020.08.29"]
[Round "2"]
[White "Nestor, Kaarel"]
[Black "Nikitin, Arseni"]
[Result "1-0"]
[WhiteElo "2154"]
[BlackElo "1588"]
[PlyCount "125"]
[EventDate "2020.08.28"]
[EventType "team"]
[EventCountry "EST"]
[SourceVersionDate "2020.09.06"]
[WhiteTeam "SK Reval-Sport"]
[BlackTeam "SK Maletäht"]
[WhiteTeamCountry "EST"]
[BlackTeamCountry "EST"]

1. d4 Nf6 2. Nf3 e6 3. c4 b6 4. g3 Bb7 5. Bg2 c5 6. O-O cxd4 7. Qxd4 Nc6 8. Qd1
Bc5 9. Nc3 Qe7 10. Bf4 Nh5 11. Bg5 f6 12. Bd2 g5 13. Ne4 g4 14. Ne1 Bd4 15. Nd3
f5 16. Bg5 Qf8 17. Nc3 h6 18. Bd2 a6 19. e3 Bf6 20. Na4 Qd6 21. Qe2 Nd8 22. Bb4
Qc7 23. e4 Rg8 24. c5 b5 25. Nb6 Nc6 26. Nxa8 Bxa8 27. Bc3 Bxc3 28. bxc3 f4 29.
Nxf4 Nxf4 30. gxf4 Qxf4 31. Qe3 Qxe3 32. fxe3 Ne5 33. a4 Ke7 34. axb5 axb5 35.
Kf2 Nd3+ 36. Kg3 Nxc5 37. Rf4 h5 38. Raf1 Rg7 39. Kh4 Nd3 40. Rf8 Bc6 41. Rh8
Nc5 42. Rxh5 Nxe4 43. Bxe4 Bxe4 44. Rf4 Bf3 45. Kg3 Be2 46. e4 Kd6 47. Rf2 Bc4
48. Rd2+ Kc6 49. Rh4 d5 50. exd5+ exd5 51. Rxg4 Re7 52. Kf2 Kc5 53. h4 Rf7+ 54.
Kg2 Re7 55. h5 Rh7 56. Rh4 Kd6 57. h6 Ke6 58. Rf2 Bd3 59. Rf8 Ke7 60. Rc8 Kf6
61. Kg3 Re7 62. Rh5 Be4 63. Rc6+ 1-0

[Event "EST ch Teams"]
[Site "Tallinn"]
[Date "2020.08.29"]
[Round "2"]
[White "Rikas, Artur"]
[Black "Kasela, Sten"]
[Result "0-1"]
[WhiteElo "1563"]
[BlackElo "2043"]
[PlyCount "80"]
[EventDate "2020.08.28"]
[EventType "team"]
[EventCountry "EST"]
[SourceVersionDate "2020.09.06"]
[WhiteTeam "SK Maletäht"]
[BlackTeam "SK Reval-Sport"]
[WhiteTeamCountry "EST"]
[BlackTeamCountry "EST"]

1. e4 c6 2. Nf3 d5 3. Nc3 e6 4. d4 Nd7 5. Bf4 Bb4 6. exd5 cxd5 7. Qd2 Ngf6 8.
Bd3 a6 9. O-O Nb6 10. a4 Bd7 11. Ne5 Rc8 12. a5 Na4 13. Rxa4 Bxa4 14. Qe2 Bd7
15. Nxd7 Qxd7 16. Bd2 Bxa5 17. f4 Bxc3 18. Bxc3 Ne4 19. Bxe4 dxe4 20. Qxe4 Qd5
21. Qxd5 exd5 22. Re1+ Kd7 23. Re5 Kc6 24. Re7 Rc7 25. Re5 f6 26. Re2 Kd7 27.
Ba5 Rc6 28. Kf2 Re8 29. Rd2 b6 30. Bb4 Re4 31. g3 h5 32. Bf8 g6 33. c3 Ke6 34.
Rd3 Kf5 35. h3 Ke6 36. Kf3 Kf7 37. Ba3 Re1 38. Kf2 Rce6 39. Rd2 Rh1 40. c4 Rh2+
0-1

[Event "EST ch Teams"]
[Site "Tallinn"]
[Date "2020.08.29"]
[Round "2"]
[White "Pedoson, Georg Aleksander"]
[Black "Volodin, Aleksander"]
[Result "1-0"]
[WhiteElo "2132"]
[BlackElo "2482"]
[PlyCount "59"]
[EventDate "2020.08.28"]
[EventType "team"]
[EventCountry "EST"]
[SourceVersionDate "2020.09.06"]
[WhiteTeam "MK Kaksikodad"]
[BlackTeam "SK Diagonaal"]
[WhiteTeamCountry "EST"]
[BlackTeamCountry "EST"]

1. e4 c5 2. Nf3 Nc6 3. d4 cxd4 4. Nxd4 e6 5. Nxc6 bxc6 6. Bd3 Nf6 7. O-O d5 8.
Nd2 Be7 9. Qe2 O-O 10. c3 a5 11. Re1 Nd7 12. e5 Qb6 13. Bc2 Rb8 14. Nf3 Ba6 15.
Qd2 Nc5 16. Qd4 Qb5 17. Qg4 Rfe8 18. Nd4 Qb6 19. Re3 Ne4 20. Bxe4 dxe4 21. Qxe4
Bb7 22. Rh3 g6 23. Qf4 Bf8 24. Nf3 Rbd8 25. Be3 Qxb2 26. Rf1 Qc2 27. Rxh7 Qf5
28. Qh4 Bg7 29. Rxg7+ Kxg7 30. Bg5 1-0

[Event "EST ch Teams"]
[Site "Tallinn"]
[Date "2020.08.29"]
[Round "2"]
[White "Dubrovin, Robert"]
[Black "Orgse, Karl Kristofer"]
[Result "1-0"]
[WhiteElo "2215"]
[BlackElo "1724"]
[PlyCount "61"]
[EventDate "2020.08.28"]
[EventType "team"]
[EventCountry "EST"]
[SourceVersionDate "2020.09.06"]
[WhiteTeam "SK Diagonaal"]
[BlackTeam "MK Kaksikodad"]
[WhiteTeamCountry "EST"]
[BlackTeamCountry "EST"]

1. d4 Nf6 2. c4 e6 3. Nc3 Bb4 4. e3 d6 5. Nge2 O-O 6. a3 Bxc3+ 7. Nxc3 e5 8. d5
e4 9. Be2 Nbd7 10. g4 Qe7 11. b3 Nc5 12. h3 a5 13. Bb2 c6 14. b4 axb4 15. axb4
Rxa1 16. Bxa1 Na6 17. Qb1 cxd5 18. g5 Nd7 19. Nxd5 Qxg5 20. Qxe4 Kh8 21. h4 Qg6
22. Qxg6 hxg6 23. h5 g5 24. f4 gxf4 25. h6 f6 26. hxg7+ Kxg7 27. Rg1+ Kh6 28.
exf4 b6 29. Bd3 Bb7 30. Rh1+ Kg7 31. Rh7+ 1-0

[Event "EST ch Teams"]
[Site "Tallinn"]
[Date "2020.08.29"]
[Round "2"]
[White "Grents, Joosep"]
[Black "Golubenko, Valeri"]
[Result "0-1"]
[WhiteElo "1772"]
[BlackElo "2211"]
[PlyCount "90"]
[EventDate "2020.08.28"]
[EventType "team"]
[EventCountry "EST"]
[SourceVersionDate "2020.09.06"]
[WhiteTeam "MK Kaksikodad"]
[BlackTeam "SK Diagonaal"]
[WhiteTeamCountry "EST"]
[BlackTeamCountry "EST"]

1. e4 c5 2. Nf3 Nc6 3. d4 cxd4 4. Nxd4 g6 5. Be3 Nf6 6. Nc3 Bg7 7. f3 O-O 8.
Qd2 d5 9. Nxd5 Nxd5 10. Nxc6 bxc6 11. exd5 Qxd5 12. Qxd5 cxd5 13. c3 e5 14. Rd1
Be6 15. b3 Rfc8 16. Bd2 a5 17. Bb5 d4 18. c4 f5 19. Kf2 e4 20. Rhe1 e3+ 21. Kg1
f4 22. g3 g5 23. Kg2 Bf5 24. Bc1 d3 25. Bxe3 fxe3 26. Rxe3 Rc7 27. c5 Rd8 28.
Bxd3 Rxd3 29. Rexd3 Bxd3 30. Rxd3 Rxc5 31. Rd2 Kf7 32. Re2 Bc3 33. Kh3 h5 34.
Re4 Bb4 35. f4 g4+ 36. Kg2 Rc2+ 37. Kg1 Bc5+ 38. Kf1 Rf2+ 39. Ke1 Rxh2 40. Re5
Bf2+ 41. Kd1 Bxg3 42. Rxa5 Kf6 43. b4 Bxf4 44. b5 g3 45. Ra8 g2 0-1

[Event "EST ch Teams"]
[Site "Tallinn"]
[Date "2020.08.29"]
[Round "2"]
[White "Timoshin, Andrei"]
[Black "Snitsarenko, Igor"]
[Result "1-0"]
[WhiteElo "2126"]
[BlackElo "1578"]
[PlyCount "75"]
[EventDate "2020.08.28"]
[EventType "team"]
[EventCountry "EST"]
[SourceVersionDate "2020.09.06"]
[WhiteTeam "SK Diagonaal"]
[BlackTeam "MK Kaksikodad"]
[WhiteTeamCountry "EST"]
[BlackTeamCountry "EST"]

1. e4 c5 2. Nf3 e6 3. d4 cxd4 4. Nxd4 Nc6 5. Nc3 a6 6. Be3 Nf6 7. a3 Be7 8. Bd3
Qc7 9. O-O O-O 10. Kh1 Ne5 11. Be2 b5 12. f4 Nc4 13. Bxc4 Qxc4 14. e5 Nd5 15.
Nxd5 Qxd5 16. Nf5 Re8 17. Qxd5 exd5 18. Bd4 Bf8 19. Rad1 d6 20. Nxd6 Bxd6 21.
exd6 Rd8 22. Bc5 Bf5 23. Rxd5 Bxc2 24. d7 Bb3 25. Rd4 Be6 26. f5 Bb3 27. Be7 f6
28. Rc1 Kf7 29. Bxd8 Rxd8 30. Rc8 Ke7 31. Rxd8 Kxd8 32. Rg4 Bc2 33. Rxg7 Bxf5
34. Rf7 Bxd7 35. Rxf6 a5 36. Rh6 Bf5 37. Rh5 Bd3 38. Rd5+ 1-0

[Event "EST ch Teams"]
[Site "Tallinn"]
[Date "2020.08.29"]
[Round "2"]
[White "Vipp, Venno"]
[Black "Koop, Vjacheslav"]
[Result "0-1"]
[WhiteElo "1712"]
[BlackElo "2186"]
[PlyCount "68"]
[EventDate "2020.08.28"]
[EventType "team"]
[EventCountry "EST"]
[SourceVersionDate "2020.09.06"]
[WhiteTeam "MK Kaksikodad"]
[BlackTeam "SK Diagonaal"]
[WhiteTeamCountry "EST"]
[BlackTeamCountry "EST"]

1. e4 c5 2. Nf3 g6 3. d4 cxd4 4. Nxd4 Bg7 5. Nc3 Nc6 6. Be3 Nf6 7. Bc4 O-O 8.
O-O Nxe4 9. Bxf7+ Rxf7 10. Nxe4 h6 11. c3 d5 12. Nc5 Qd6 13. Nb5 Qd8 14. Qd2
Kh7 15. Nd4 Qd6 16. Nb5 Qd8 17. Rad1 b6 18. Nb3 Ba6 19. a4 e6 20. Rfe1 Ne5 21.
N3d4 Qd7 22. Nc7 Nc4 23. Qc1 Nxe3 24. Rxe3 Qxc7 25. Rxe6 Re7 26. Qe3 Rae8 27.
Re1 Bf6 28. Rc6 Qd7 29. Rxf6 Rxe3 30. Rxe3 Rxe3 31. fxe3 Kg7 32. Rc6 Kf7 33.
Nf3 Qe7 34. Kf2 Bb7 0-1

[Event "EST ch Teams"]
[Site "Tallinn"]
[Date "2020.08.29"]
[Round "2"]
[White "Zaitsev, Boriss"]
[Black "Shnurov, Daniil"]
[Result "1-0"]
[WhiteElo "1966"]
[BlackElo "1532"]
[PlyCount "195"]
[EventDate "2020.08.28"]
[EventType "team"]
[EventCountry "EST"]
[SourceVersionDate "2020.09.06"]
[WhiteTeam "SK Diagonaal"]
[BlackTeam "MK Kaksikodad"]
[WhiteTeamCountry "EST"]
[BlackTeamCountry "EST"]

1. e4 c6 2. d3 d5 3. Nd2 g6 4. Ngf3 Bg7 5. g3 e5 6. Bg2 Ne7 7. O-O O-O 8. Re1
Qc7 9. Qe2 d4 10. h3 h6 11. Nf1 Be6 12. g4 f6 13. Ng3 c5 14. b3 Nbc6 15. Rf1 g5
16. Nf5 Nxf5 17. exf5 Bd5 18. Re1 Rad8 19. Nd2 Bxg2 20. Kxg2 Nb4 21. Ne4 Nd5
22. a4 Rfe8 23. Bd2 Qc6 24. Qf3 b6 25. Kg3 Kf7 26. Rh1 Qc7 27. h4 Rh8 28. hxg5
fxg5 29. Rh5 Nf6 30. Rh2 Nxe4+ 31. Qxe4 a5 32. Rah1 Qd6 33. f3 Rde8 34. Qb7+
Re7 35. Qe4 Ree8 36. Rh5 Rb8 37. R1h2 Rbe8 38. Kf2 Rd8 39. Ke2 Rde8 40. Kd1 Kf6
41. Qe1 Kf7 42. Qh1 Qf6 43. Qe1 Qc6 44. Qh1 Qf6 45. Re2 Qc6 46. Re4 Qd6 47. Rh2
Rhf8 48. Rhe2 Re7 49. Qh5+ Kg8 50. Bc1 Rf6 51. f4 gxf4 52. Bxf4 Rff7 53. Bg3
Rf8 54. Qh2 Rfe8 55. Kc1 Kf7 56. Kb2 Kg8 57. Qh5 Rf8 58. Bh4 Rd7 59. f6 Bxf6
60. Qg6+ Bg7 61. Qxd6 Rxd6 62. Be7 Rg6 63. Bxf8 Kxf8 64. Rf2+ Ke7 65. c3 Ke6
66. cxd4 cxd4 67. b4 axb4 68. Kb3 Bf6 69. Kxb4 Bg5 70. Ree2 Rg7 71. Kb5 Ra7 72.
Rc2 Be7 73. Rc6+ Bd6 74. Rxb6 Kd5 75. a5 Bc7 76. a6 Bxb6 77. Kxb6 Re7 78. a7
Re6+ 79. Kb5 Re8 80. Rh2 e4 81. Rh5+ Kd6 82. dxe4 d3 83. Rd5+ Ke6 84. Rxd3 Ke5
85. Rh3 Rh8 86. Rxh6 Rxh6 87. a8=Q Rh1 88. Qd5+ Kf4 89. Qf5+ Ke3 90. g5 Rb1+
91. Kc4 Rc1+ 92. Kd5 Rd1+ 93. Ke5 Rd8 94. Qf7 Rb8 95. g6 Rb5+ 96. Kf6 Rb6+ 97.
Kg5 Rb5+ 98. Kh6 1-0

[Event "EST ch Teams"]
[Site "Tallinn"]
[Date "2020.08.29"]
[Round "3"]
[White "Volodin, Aleksander"]
[Black "Sirosh, Ilja"]
[Result "1/2-1/2"]
[WhiteElo "2482"]
[BlackElo "2405"]
[PlyCount "64"]
[EventDate "2020.08.28"]
[EventType "team"]
[EventCountry "EST"]
[SourceVersionDate "2020.09.06"]
[WhiteTeam "SK Diagonaal"]
[BlackTeam "SK Reval-Sport"]
[WhiteTeamCountry "EST"]
[BlackTeamCountry "EST"]

1. d4 d5 2. c4 e6 3. Nc3 c5 4. Nf3 Nc6 5. cxd5 exd5 6. dxc5 d4 7. Na4 Bxc5 8.
Nxc5 Qa5+ 9. Qd2 Qxc5 10. e3 dxe3 11. Qxe3+ Qxe3+ 12. Bxe3 Nf6 13. Bc4 O-O 14.
O-O Bg4 15. Nd4 Nxd4 16. Bxd4 Rfd8 17. Bxf6 gxf6 18. Rae1 Re8 19. f3 Be6 20.
Bxe6 fxe6 21. Rc1 Rac8 22. Kf2 Kf7 23. Rfd1 Ke7 24. Ke3 e5 25. f4 Rg8 26. g3
Ke6 27. Kf3 h5 28. b4 Rgd8 29. Rxd8 Rxc1 30. fxe5 fxe5 31. Re8+ Kd5 32. Rd8+
Ke6 1/2-1/2

[Event "EST ch Teams"]
[Site "Tallinn"]
[Date "2020.08.29"]
[Round "3"]
[White "Chukavin, Kirill"]
[Black "Dubrovin, Robert"]
[Result "1-0"]
[WhiteElo "2355"]
[BlackElo "2215"]
[PlyCount "71"]
[EventDate "2020.08.28"]
[EventType "team"]
[EventCountry "EST"]
[SourceVersionDate "2020.09.06"]
[WhiteTeam "SK Reval-Sport"]
[BlackTeam "SK Diagonaal"]
[WhiteTeamCountry "EST"]
[BlackTeamCountry "EST"]

1. e4 e6 2. d4 d5 3. Bd3 dxe4 4. Bxe4 Nf6 5. Bf3 c5 6. Ne2 Nc6 7. Be3 cxd4 8.
Nxd4 Ne5 9. Nc3 Bb4 10. Ndb5 Bd7 11. Qd4 Nxf3+ 12. gxf3 Bxc3+ 13. Nxc3 Bc6 14.
Rg1 Qxd4 15. Bxd4 Nh5 16. O-O-O f6 17. f4 Kf7 18. Be3 b6 19. Rd6 Rac8 20. Rgd1
Ke7 21. a4 Rc7 22. R6d4 Rhc8 23. Rc4 g6 24. a5 bxa5 25. Rc5 Bf3 26. Rxc7+ Rxc7
27. Rd4 Bc6 28. Rc4 Kd7 29. Rc5 a6 30. Rxa5 Bb7 31. Na4 Kc8 32. Nc5 Rc6 33. b4
Ng7 34. b5 axb5 35. Nxb7 Nf5 36. Rxb5 1-0

[Event "EST ch Teams"]
[Site "Tallinn"]
[Date "2020.08.29"]
[Round "3"]
[White "Golubenko, Valeri"]
[Black "Valner, Uku"]
[Result "0-1"]
[WhiteElo "2211"]
[BlackElo "2296"]
[PlyCount "98"]
[EventDate "2020.08.28"]
[EventType "team"]
[EventCountry "EST"]
[SourceVersionDate "2020.09.06"]
[WhiteTeam "SK Diagonaal"]
[BlackTeam "SK Reval-Sport"]
[WhiteTeamCountry "EST"]
[BlackTeamCountry "EST"]

1. d4 e6 2. c4 Nf6 3. Nf3 b6 4. a3 Bb7 5. Nc3 d6 6. d5 exd5 7. cxd5 g6 8. e4
Bg7 9. Bd3 Nbd7 10. h3 O-O 11. O-O Re8 12. Re1 Nc5 13. Bc2 Re7 14. Bg5 h6 15.
Bh4 a6 16. Nd4 Qf8 17. b4 Ncd7 18. f4 Ree8 19. Qd2 Nh7 20. Rad1 Bh8 21. Bf2 Bf6
22. Ba4 b5 23. Bb3 Qg7 24. a4 bxa4 25. Bxa4 Re7 26. Bc6 Rb8 27. Rc1 Bc8 28. Na4
Nhf8 29. Nf3 g5 30. Ba7 gxf4 31. Bxd7 Nxd7 32. Bxb8 Nxb8 33. Qxf4 Bxh3 34. Rc2
Bd7 35. Rxc7 Bxa4 36. Rc8+ Re8 37. Rxe8+ Bxe8 38. Qxd6 Nd7 39. e5 Qg3 40. Re4
Bd8 41. Qxh6 Nf8 42. Qh5 Ng6 43. Rg4 Bb6+ 44. Kh1 Qf2 45. e6 Qc2 46. Qe5 Bc7
47. Qe1 Qf5 48. Rg5 Qf6 49. Qc1 Qh8+ 0-1

[Event "EST ch Teams"]
[Site "Tallinn"]
[Date "2020.08.29"]
[Round "3"]
[White "Narva, Mai"]
[Black "Timoshin, Andrei"]
[Result "1/2-1/2"]
[WhiteElo "2313"]
[BlackElo "2126"]
[PlyCount "85"]
[EventDate "2020.08.28"]
[EventType "team"]
[EventCountry "EST"]
[SourceVersionDate "2020.09.06"]
[WhiteTeam "SK Reval-Sport"]
[BlackTeam "SK Diagonaal"]
[WhiteTeamCountry "EST"]
[BlackTeamCountry "EST"]

1. e4 c5 2. Nf3 Nc6 3. Bb5 g6 4. O-O Bg7 5. c3 Nf6 6. Re1 O-O 7. d4 cxd4 8.
cxd4 d5 9. e5 Ne4 10. Nc3 Nxc3 11. bxc3 Bd7 12. Bd3 a6 13. Qb3 Bc8 14. Bg5 Na5
15. Qb4 Re8 16. Nd2 Nc6 17. Qb2 b6 18. a4 Qc7 19. c4 e6 20. Rab1 Rb8 21. Rec1
a5 22. cxd5 exd5 23. Qb5 Bb7 24. Qxd5 Nb4 25. Qb3 Qd7 26. Bb5 Bc6 27. Bxc6 Nxc6
28. Qb5 Rbc8 29. Nf3 Qf5 30. Qxb6 Bf8 31. Ra1 Qe6 32. h3 Nxe5 33. Qxe6 Rxc1+
34. Rxc1 Nxf3+ 35. gxf3 fxe6 36. Rc7 Rb8 37. Ra7 Rb4 38. Ra8 Kf7 39. Rxa5 Rxd4
40. Ra7+ Ke8 41. Ra8+ Kf7 42. Ra7+ Ke8 43. Ra8+ 1/2-1/2

[Event "EST ch Teams"]
[Site "Tallinn"]
[Date "2020.08.29"]
[Round "3"]
[White "Koop, Vjacheslav"]
[Black "Nestor, Kaarel"]
[Result "1/2-1/2"]
[WhiteElo "2186"]
[BlackElo "2154"]
[PlyCount "78"]
[EventDate "2020.08.28"]
[EventType "team"]
[EventCountry "EST"]
[SourceVersionDate "2020.09.06"]
[WhiteTeam "SK Diagonaal"]
[BlackTeam "SK Reval-Sport"]
[WhiteTeamCountry "EST"]
[BlackTeamCountry "EST"]

1. e4 e6 2. d4 d5 3. e5 c5 4. c3 Nc6 5. Nf3 Bd7 6. a3 f6 7. exf6 Nxf6 8. Bd3
Qc7 9. O-O c4 10. Bc2 Bd6 11. Nbd2 O-O-O 12. b3 cxb3 13. Nxb3 e5 14. dxe5 Nxe5
15. Nbd4 h6 16. a4 Nxf3+ 17. Nxf3 Rhe8 18. Ba3 Bg4 19. h3 Bh5 20. g4 Bf7 21.
Nd4 Bxa3 22. Rxa3 a6 23. Bf5+ Kb8 24. Qd3 Ne4 25. Bxe4 dxe4 26. Qe3 h5 27. g5
Bc4 28. Rfa1 Rd5 29. h4 Qd7 30. Qg3+ Qc7 31. Kg2 e3 32. Re1 Re4 33. Qxc7+ Kxc7
34. Rxe3 Rxh4 35. Re7+ Rd7 36. Rxd7+ Kxd7 37. f3 Rf4 38. Ra1 Rf7 39. Rb1 Kc7
1/2-1/2

[Event "EST ch Teams"]
[Site "Tallinn"]
[Date "2020.08.29"]
[Round "3"]
[White "Kasela, Sten"]
[Black "Novikov, Sergei"]
[Result "1-0"]
[WhiteElo "2043"]
[BlackElo "1743"]
[PlyCount "61"]
[EventDate "2020.08.28"]
[EventType "team"]
[EventCountry "EST"]
[SourceVersionDate "2020.09.06"]
[WhiteTeam "SK Reval-Sport"]
[BlackTeam "SK Diagonaal"]
[WhiteTeamCountry "EST"]
[BlackTeamCountry "EST"]

1. d4 d5 2. e3 Nf6 3. Bd3 c5 4. c3 e6 5. f4 Bd6 6. Nf3 Nbd7 7. O-O Qc7 8. Ne5
b6 9. Nd2 Bb7 10. g4 g6 11. Ndf3 Ng8 12. Bb5 Bc8 13. Ng5 Nh6 14. Rf3 a6 15. Rh3
axb5 16. Rxh6 Nxe5 17. fxe5 Bf8 18. Rxh7 Rxh7 19. Nxh7 Bg7 20. Bd2 Qe7 21. Be1
f5 22. exf6 Bxf6 23. Nxf6+ Qxf6 24. Qe2 Bd7 25. Bg3 O-O-O 26. Be5 Qe7 27. a4 c4
28. axb5 Kb7 29. Qf1 Rf8 30. Ra7+ Kxa7 31. Qa1+ 1-0